Turnierverlauf der WM 1934 für Deutschland - Statistiken

Allgemein
  • Dieses Quiz wurde 6 mal gespielt
  • Das Durchschnittsergebnis liegt bei 4 aus 6
Antwortstatistiken
Spiel Ergebnis Gegner % Korrekt
Spiel um Platz 3 3:2 Österreich
80%
Halbfinale 1:3 Tschechoslowakei
80%
Qualifikation entfallen Frankreich
60%
Viertelfinale 2:1 Schweden
60%
Achtelfinale 5:2 Belgien
40%
Qualifikation 9:1 Luxemburg
40%
Keine übereinstimmenden Quizze gefunden
Verteilung der Resultate
Anzahl Personen mit jedem Resultat
Perzentil nach korrekt beantworteten Fragen
Ihre Resultats-Entwicklung
Sie haben dieses Quiz noch nicht gespielt